000 01401nam a2200361 i 4500
001 8259
003 KOSZ 005
005 20191030111358.0
008 960909s1953 pl a f 001 0 pol
040 _aWA N
_cKOSZ 005/RW
_dKOSZ 005/RW
_dKOSZ 005/HR
046 _k1953
080 _a534
080 _a(07)
100 1 _aŻyszkowski, Zbigniew
_d(1910-1988).
_eAutor.
245 1 0 _aPodstawy elektroakustyki /
_cZbigniew Żyszkowski.
260 _aWarszawa :
_bPaństwowe Wydawnictwa Techniczne,
_c1953.
300 _a682 s. :
_bil. ;
_c25 cm.
336 _2rdacontent
_aTekst
_btxt
337 _2rdamedia
_aBez urządzenia pośredniczącego
_bn
338 _2rdacarrier
_aWolumin
_bnc
380 _aKsiążki
385 _aInżynierowie
388 _a1901-2000
504 _aBibliogr. s. [674]-676. Indeks.
521 _aKsiążka przeznaczona dla magistrów-inżynierów, inżynierów i techników. Może również służyć jako podręcznik dla studentów wyższych zakładów naukowych technicznych o poziomie inżynierskim i magisterskim.
658 _aFizyka i astronomia
658 _aInżynieria i technika
655 4 _aPodręcznik
650 4 _aElektroakustyka
710 2 _aPaństwowe Wydawnictwa Techniczne
_4pbl.
856 _uhttp://koha.tu.koszalin.pl/cgi-bin/koha/opac-detail.pl?biblionumber=8259
_yKatalog online BPK
942 _cKS
_2UKD
999 _c8259
_d8259